Loin
Sábháilte in:
| Príomhchruthaitheoir: | |
|---|---|
| Formáid: | LEABHAR |
| Teanga: | Fraincis |
| Foilsithe / Cruthaithe: |
París
Ernest Flammarion
1929
|
| Eagrán: | 1a. ed |
| Ábhair: | |
| Clibeanna: |
Cuir clib leis
Níl clibeanna ann, Bí ar an gcéad duine le clib a chur leis an taifead seo!
|
MARC
| LEADER | 00000nam a2200000 a 4500 | ||
|---|---|---|---|
| 001 | UCJ3671 | ||
| 003 | CL-VaPUC | ||
| 008 | 070124e19290000FR |||||||||||||||||fre|d | ||
| 082 | 0 | 4 | |a 910.4 |b TIT |2 21 |
| 100 | 0 | |a Titayna |e author |9 505880 | |
| 245 | 1 | 0 | |a Loin |
| 250 | |a 1a. ed | ||
| 300 | |a 212 p | ||
| 942 | |c BK | ||
| 945 | |d 20070124 00:00:00 |a rinostro | ||
| 260 | |a París |b Ernest Flammarion |c 1929 | ||
| 650 | 0 | |a Viajes |9 257115 | |
| 650 | 0 | |a Cultura |9 269059 | |
| 650 | 7 | |a CANIBALISMO |2 CL-VaPUC |9 410514 | |
| 650 | 7 | |a LEPRA |2 CL-VaPUC |9 266269 | |
| 651 | 7 | |a POLINESIA |2 CL-VaPUC |9 505881 | |
| 651 | 7 | |a HAWAI |2 CL-VaPUC |9 339182 | |
| 583 | |a last modification |c 20070124 00:00:00 |k Rodrigo Vera | ||
| 999 | |c 319793 |d 319791 | ||
| 952 | |0 0 |1 0 |4 0 |6 910_400000000000000_TIT_1929 |7 0 |8 X |9 398171 |a FDOBUD |b FDOBUD |d 2019-11-22 |i 1006770 |o 910.4 TIT 1929 |p 1006770 |r 2019-11-22 |w 2019-11-22 |y BK_X |k BUD | ||